Wildlife - Animal to Description #1 - Statistics

General Stats
  • This quiz has been taken 97 times
  • The average score is 6 of 10
Answer Stats
# Hint Answer % Correct
1 Infamous for their black and white stripes, these animals are equestrians. Zebra
100%
2 Has the highest blood pressure of all animals, and uses its long neck to fight for mates. Giraffe
96%
3 This animal is well known due to it being black, white, and eating a unique type of grass. Panda
78%
8 This animal is one of the slowest in the world, moving so slow that their fur turns green from algae growing. Sloth
78%
4 Commonly mistaken as an eel, this electric fish can be very dangerous. Electric Eel
61%
7 Named after their use as weapons, the ______ ____ Frog is dangerous in its natural habitat. Poison Dart Frog
55%
9 The fastest animal in the world, this bird even beats the cheetah in speed. Peregrine Falcon
49%
5 Average length of 10 feet, this venomous reptile can stop the coagulation of its preys blood until it bleeds out for consumption. Komodo Dragon
48%
6 This ocean mammal is the loudest animal, making frequencies so high pitched that it can paralyze nearby creatures. Sperm Whale
40%
10 This shark is able to use its tail like a whip to stun and eat fish. Thresher Shark
23%
No matching quizzes found
Score Distribution
Percent of People with Each Score
Percentile by Number Answered
Your Score History
You have not taken this quiz